ARRUPE JESUIT UNIVERSITY

CORONAVIRUS -STOP THE SPREAD - CLEAN,DISINFECT,COVER

Living off the West : (Record no. 123630)

MARC details
000 -LEADER
fixed length control field 01128cam a2200289 a 4500
001 - CONTROL NUMBER
control field 1051629
005 - DATE AND TIME OF LATEST TRANSACTION
control field 20151028105027.0
008 - FIXED-LENGTH DATA ELEMENTS--GENERAL INFORMATION
fixed length control field 900228s1990 mdu b 001 0 eng
010 ## - LIBRARY OF CONGRESS CONTROL NUMBER
LC control number 90005735
020 ## - INTERNATIONAL STANDARD BOOK NUMBER
International Standard Book Number 0819176796 (alk. paper) :
Terms of availability $21.95
040 ## - CATALOGING SOURCE
Original cataloging agency DLC
Transcribing agency DLC
Modifying agency DLC
043 ## - GEOGRAPHIC AREA CODE
Geographic area code e-ur---
-- n-us---
050 00 - LIBRARY OF CONGRESS CALL NUMBER
Classification number HC335
Item number .S3625 1990
082 00 - DEWEY DECIMAL CLASSIFICATION NUMBER
Classification number 337.47073
Edition number 20
100 1# - MAIN ENTRY--PERSONAL NAME
Personal name Sanders, Sol W.
9 (RLIN) 20600
245 10 - TITLE STATEMENT
Title Living off the West :
Remainder of title Gorbachev's secret agenda and why it will fail /
Statement of responsibility, etc Sol Sanders.
260 ## - PUBLICATION, DISTRIBUTION, ETC. (IMPRINT)
Place of publication, distribution, etc Lanham, Md. :
Name of publisher, distributor, etc Madison Books :
-- Distributed by National Book Network,
Date of publication, distribution, etc c1990.
300 ## - PHYSICAL DESCRIPTION
Extent xiii, 249 p. ;
Dimensions 24 cm.
504 ## - BIBLIOGRAPHY, ETC. NOTE
Bibliography, etc Includes bibliographical references (p. 209-227) and index.
651 #0 - SUBJECT ADDED ENTRY--GEOGRAPHIC NAME
Geographic name Soviet Union
General subdivision Economic policy.
9 (RLIN) 20601
651 #0 - SUBJECT ADDED ENTRY--GEOGRAPHIC NAME
Geographic name Soviet Union
General subdivision Foreign economic relations
Geographic subdivision United States.
9 (RLIN) 20602
651 #0 - SUBJECT ADDED ENTRY--GEOGRAPHIC NAME
Geographic name United States
General subdivision Foreign economic relations
Geographic subdivision Soviet Union.
9 (RLIN) 20603
651 #0 - SUBJECT ADDED ENTRY--GEOGRAPHIC NAME
Geographic name Soviet Union
General subdivision Foreign economic relations.
9 (RLIN) 20604
906 ## - LOCAL DATA ELEMENT F, LDF (RLIN)
a 7
b cbc
c orignew
d 1
e ocip
f 19
g y-gencatlg
942 ## - ADDED ENTRY ELEMENTS (KOHA)
Source of classification or shelving scheme Library of Congress Classification
Item type Monograph ( Printed materials)
Holdings
Withdrawn status Lost status Source of classification or shelving scheme Damaged status Not for loan Collection code Home library Current library Shelving location Date acquired Total Checkouts Full call number Barcode Date last seen Price effective from Koha item type
    Library of Congress Classification     Main Collection ARRUPE LIBRARY ARRUPE LIBRARY Main Collection 28/10/2015   HC335 .S3625 1990 46500005301 23/04/2018 28/10/2015 Monograph ( Printed materials)

 

Arrupe Library. PO Box MP320 Mt Pleasant, Harare, Zimbabwe
263 242 745411|librarian@aju.ac.zw